Statistics for World Rugby Rankings

Click here to take the quiz!

General Stats

  • This quiz has been taken 64 times
    (32 since last reset)
  • The average score is 23 of 30

Answer Stats

NCountry% Correct
1Ireland
100%
3New Zealand
100%
4South Africa
100%
8Australia
96%
5England
96%
13Fiji
96%
2France
96%
11Italy
96%
9Scotland
96%
7Wales
96%
10Japan
92%
12Samoa
88%
21Canada
83%
18Portugal
83%
17Spain
83%
19USA
83%
15Tonga
79%
6Argentina
75%
20Romania
75%
25Russia
75%
14Georgia
71%
16Uruguay
71%
27Brazil
58%
23Namibia
58%
22Chile
54%
26Belgium
50%
29Netherlands
46%
30Poland
33%
28Switzerland
33%
24Hong Kong
17%

Score Distribution

Percentile by Number Answered

Percent of People with Each Score

Your Score History

You have not taken this quiz since the last reset